[Event "GER-ch U18"]
[Site "Willingen"]
[Date "2004.06.04"]
[Round "9"]
[White "Walter, Stefan1111"]
[Black "Lassan, Christian"]
[Result "0-1"]
[WhiteElo "2157"]
[BlackElo "2074"]
[PlyCount "94"]
[EventDate "2004.06.??"]
[EventType "swiss"]
[EventRounds "9"]
[EventCountry "GER"]
[SourceTitle "EXT 2005"]
[Source "ChessBase"]
[SourceDate "2004.11.15"]
[SourceVersion "1"]
[SourceVersionDate "2004.11.15"]
[SourceQuality "1"]

1. d4 c5 2. d5 Nf6 3. c4 Ne4 4. Qc2 Qa5+ 5. Nc3 Nxc3 6. Bd2 e5 7. dxe6 dxe6 8. Bxc3 Qc7 9. Nf3 Nc6 10. e3 e5 11. 0-0-0 f6 12. Bd3 Nb4 13. Bxb4 cxb4 14. Bxh7 Rxh7 15. Qxh7 Qxc4+ 16. Kb1 Be6 17. b3 Qg4 18. Qh4 Qg6+ 19. Kb2 a5 20. Nd2 Qd3 21. Nb1 Qb5 22. Qe4 a4 23. Qg6+ Ke7 24. Qd3 Qa5 25. Rd2 axb3 26. axb3 Kf7 27. Kc1 Be7 28. Kd1 Rd8 29. Qc2 Rc8 30. Qb2 Rc3 31. Ke1 Rxb3 32. Qc2 Qa1 33. Ke2 Qa6+ 34. Kf3 Qb5 35. Rhd1 e4+ 36. Qxe4 Bf5 37. Qh4 Bxb1 38. Rd5 Qc6 39. Kg3 Bg6 40. Rd7 Qc5 41. Qf4 Qe5 42. Qxe5 fxe5 43. Rxb7 Rd3 44. Ra1 Be4 45. Rb5 Rd5 46. Rb8 Rd7 47. f3 Rb7 0-1

[Event "GER-ch U18"]
[Site "Willingen"]
[Date "2004.06.03"]
[Round "8"]
[White "Lassan, Christian"]
[Black "Roeber, Juergen"]
[Result "1-0"]
[WhiteElo "2074"]
[BlackElo "2048"]
[PlyCount "43"]
[EventDate "2004.06.??"]
[EventType "swiss"]
[EventRounds "9"]
[EventCountry "GER"]
[SourceTitle "EXT 2005"]
[Source "ChessBase"]
[SourceDate "2004.11.15"]
[SourceVersion "1"]
[SourceVersionDate "2004.11.15"]
[SourceQuality "1"]

1. e4 c5 2. Nf3 Nc6 3. Bb5 g6 4. Bxc6 bxc6 5. 0-0 Bg7 6. Re1 d5 7. d3 Ba6 8. c3 Qb6 9. Na3 e6 10. exd5 cxd5 11. d4 cxd4 12. Qa4+ Kf8 13. cxd4 Nf6 14. Ne5 Kg8 15. Be3 Bb7 16. Rac1 h5 17. h3 Ne8 18. Rc2 Nd6 19. Nd7 Qd8 20. Nc5 Bc8 21. Bf4 Bxd4 22. Qxd4 1-0